Kostel sv
| Titel: | Kostel sv : Máří Magdaleny v České Lípě |
|---|---|
| Verfasser: | |
| Beteiligt: | |
| In: |
Bezděz, Band 3 (1995), Seite 25-47 alle Artikel anzeigen |
| Veröffentlicht: | 1995 |
| Format: | Aufsatz |
| Sprache: | Tschechisch |
X
alg: 39303187 001A $01999:11-11-16 001B $01999:22-05-21 $t21:55:31.000 001C $06050:19-11-16 $t22:31:01.000 001D $01999:11-11-16 001U $0utf8 001X $00 002@ $0Aox 003@ $039303187X 007A $039303187X $aHEB 007T $0Herdp01668 010@ $acze 011@ $a1995 021A $aKostel sv $dMáří Magdaleny v České Lípě 028A $aPanáček $dJaroslav 028B/01 $aGabriel $dFrantišek 031A $d3 $h25-47 $j1995 037A $aněm. res.: Magdalenenkirche in Česká Lípa 039B $aIn $8--Abvc--. Bezděz. - Česká Lípa, 1990-. - ISSN 1211-9172 $x199500000030000975 $905908720X 045F $a307.094371 $eDDC23BSB 045F/01 $a307.09 045F/03 $g4371 045T $a7,41 lok: 39303187 78 exp: 39303187 78 1 #EPN 201B/01 $002-07-21 $t00:06:33.000 201U/01 $0utf8 203@/01 $078914218X 208@/01 $a11-11-16 $be 209A/01 $a/ $f000 $x00 220C/01 $aHerkunft: Hú Av Čr Praha 244Z/01 $#Tschechien $#Tschechische Republik $#Tschechische Republik $#Tschechenland $#Tschechei Tschechien $#Česká Republika $#Czech Republic $#ČR $74303381-7 $8--Tg1--Tschechien $x01 $9086659812 244Z/01 $2Trx $#Böhmen $#Bohemia $#Czechy $8--Trx--Čechy $x02 $9391188941 244Z/01 $7117945-7 $8--Tg1--Česká Lípa $x03 $9040686248 244Z/01 $2Trx $#arhitektuur, sakraalne $#sakralinė architektūra $#Architecture, sacral $#építészet, szakrális $#architektura sakralna $#architektúra, sakrálna $#architektura sakrální $#Kirchenbau $#stavba kostolov $8--Trx--Architektur, sakrale $x04 $9391375059 244Z/01 $2Trx $#kaitsepühakud Maarja Magdaleena $#šventieji globėjai Marija Magdalietė $#patronships $#patrocínium Mária Magdolna $#patrocinia Maria Magdalena $#patrocinium Mária Magdaléna $#patrocinia Máří Magdalena $#Maria Magdalena Patrozinium $#Maria Magdalena patrocinium $#Mária Magdaléna patrocinium $#Máří Magdalena patrocinium $8--Trx--Patrozinien$gMaria Magdalena $x05 $9391382411 244Z/01 $2Trx $8--Trx--Zeitschriftenaufsatz $x06 $9391384341 245Z/01 $a13.03 $x01 245Z/01 $a11.11 $x02 247C/01 $82080>Marburg/Lahn, Herder-Institut, Forschungsbibliothek, Bibliographieportal $9336309341
| LEADER | 00000caa a22000002c 4500 | ||
|---|---|---|---|
| 001 | 39303187X | ||
| 003 | DE-603 | ||
| 005 | 20210522215531.0 | ||
| 007 | tu | ||
| 008 | 161111s1995 xx |||| | u00||u|cze c | ||
| 035 | |a (DE-599)HEB39303187X | ||
| 040 | |a DE-603 |b ger |c DE-603 |d DE-603 | ||
| 041 | |a cze | ||
| 082 | 0 | 4 | |8 1\u |a 307.094371 |q DE-101 |2 23/BSB |
| 084 | |a 7,41 |2 ssgn | ||
| 085 | |8 1\u |b 307.09 | ||
| 085 | |8 1\u |z 2 |s 4371 | ||
| 100 | 1 | |a Panáček, Jaroslav | |
| 245 | 0 | 0 | |a Kostel sv |b Máří Magdaleny v České Lípě |
| 264 | 0 | |c 1995 | |
| 500 | |a něm. res.: Magdalenenkirche in Česká Lípa | ||
| 700 | 1 | |a Gabriel, František | |
| 773 | 0 | 8 | |i In |t Bezděz |d Česká Lípa, 1990- |x 1211-9172 |g Band 3 (1995), Seite 25-47 |w (DE-603)05908720X |w (DE-600)1136222-4 |
| 924 | 0 | |9 2080 |a (DE-603)78914218X |b DE-2080 |c HES |d d |g / | |


